Регионална библиотека "Любен Каравелов" - Русе

Пиратът папа (Запис номер 44281)

MARC детайли
000 -Лидер
Контролно поле с фиксирана дължина 02143nam a2200433 c 4500
003 - Код на организацията, давaща контролен номер
Контролно поле BLK
005 - Дата и час на последна редакция
Контролно поле 20221121111555.0
008 - Елементи от данни с фиксирана дължина
fixed length control field 180408b bul|||||r ||||||| ||bul||
010 ## - Наследен системен номер
LC control number KNG00048046000
020 ## - Международен стандартен номер на книга ISBN
Международен стандартен номер на книга ISBN 954-9420-01-9
040 ## - Източник на каталожния запис
Идентификатор на билиотеката - собственик на записа BLK
041 ## - Код за език
Код за езика на текст/звукозапис или на отделно заглавие Български
Код за езика КДБФ Български
080 ## - УДК
Текстов определител УДК Новогръцка литература
УДК код - определител по УДК 821.146
УДК определител -312.6
УДК - код + определител 821.146-312.6
080 ## - УДК
Текстов определител УДК Организация и управление на църквата. Църковна йерархия. Духовенство. Папство. Патриаршия. Вселенски събори. Църковни традиции
УДК код - определител по УДК 262
УДК определител (092)(0:82-31)
УДК - код + определител 262(092)(0:82-31)
080 ## - УДК
Текстов определител УДК Балдасаре Коса (Балтазар Коса)
УДК код - определител по УДК 929 Йоан ХХІІІ, антипапа
УДК - код + определител 929 Йоан ХХІІІ, антипапа
100 1# - Редна дума - Автор
Автор Парадисис, Александър
Авторска отговорност първи автор
R(LIN) 279276
139 ## - Редно поле
Редна дума Парадисис, Александър
Авторски знак Пар - П 22
245 10 - Сведения за заглавието
Заглавие Пиратът папа
Подзаглавни данни Докум. роман
Редно поле (дума) Александър Парадисис; прев. от гр. Джулия Диамантопуло; прев. от гр. Елка Хаджиева.
257 ## - Страна на издаване
Страна на създаване/издаване Гърция
260 ## - Област на издателските данни
Име на издателя, разпространителя и проч. Персей
Година на издаване 2004
Печатница Костинброд : Мултипринт
300 ## - Физическа характеристика
Страници 224 с.
Илюстрации и др. с ил.
Размери/Мащаб 20 см
380 ## - Жанр
Жанр Худож. лит.
500 ## - Общи забележки
Забележка Ориг. загл. на гр. ез. - Офс. изд. - Библиогр. с. 219-222.
600 14 - Име на лице, използвано като предмет
За него / За нея Йоан ХХІІІ, папа
9 (RLIN) 279277
600 14 - Име на лице, използвано като предмет
За него / За нея Коса, Балтазар
9 (RLIN) 279278
653 ## - Ключова дума – ненормативна
Ключова дума Йоан ХХІІІ
653 ## - Ключова дума – ненормативна
Ключова дума папство
653 ## - Ключова дума – ненормативна
Ключова дума Балтазар Коса
653 ## - Ключова дума – ненормативна
Ключова дума католическа църква
653 ## - Ключова дума – ненормативна
Ключова дума папи
653 ## - Ключова дума – ненормативна
Ключова дума романизувани биографии
700 1# - Други автори (авторска отговорност)
Лично име Диамантопуло, Джулия
Автороска отговорност (Описва отношението между автора и произведението) прев. от гр.
9 (RLIN) 61339
700 1# - Други автори (авторска отговорност)
Лично име Хаджиева, Елка
Автороска отговорност (Описва отношението между автора и произведението) прев. от гр.
9 (RLIN) 367886
852 ## - Местоположение
Форматна сигнатура Цб 222471
856 4# - Електронен адрес и достъп
Електронен формат pdf - файл
Инструкция (цена за достъп) 0.00
Права за достъп disable
856 4# - Електронен адрес и достъп
Електронен формат pdf - файл
Инструкция (цена за достъп) 0.00
Права за достъп disable
999 ## - СИСТЕМНИ КОНТРОЛНИ НОМЕРА
Koha biblionumber 44281
Koha biblioitemnumber 44281
942 ## - АРТИКУЛИ
Вид на библиотечния материал Книги
Скрит в OPAC Не
Периодичен библиозапис Да
944 ## - СЪЗДАВАНЕ И РЕДАКЦИЯ на ЗАПИСА
Създаване/Редакция Създаване
Дата на регистрацията/редакция 04.02.2005
Служител, извършил регистрацията/редакцията Геновева_Генчева
944 ## - СЪЗДАВАНЕ И РЕДАКЦИЯ на ЗАПИСА
Създаване/Редакция Редакция
Дата на регистрацията/редакция 16.12.2017
Служител, извършил регистрацията/редакцията Виолета_Тройчева
999 ## - СИСТЕМНИ КОНТРОЛНИ НОМЕРА
Koha biblioitemnumber 44281
Наличности
Код за отписване Код за изгубен артикул Източник на класификационната схема Код за повреда Коз за рестрикции Код за отдаване Артикулен № Име на библиотеката - собственик Име на библиотеката, в която се намира в момента Статус (Текущо местоположение) Дата на вписване в системата Местоположение - отдел Цена в лева Инвентарен номер Систематично азбучна сигнатура Баркод Номер на екземпляра Цена в евро Служебна бележка Служебен тип на артикула
Изтеглен Не е изгубен Universal Decimal Classification Не е повреден без рестрикции заемане за дома 69620 Регионална библиотека "Любен Каравелов" Русе Регионална библиотека "Любен Каравелов" Русе Заемна - подръчен фонд 2005-02-07 Заемна - подръчен фонд 7.50 120000691568 П 877.4-31/П 22 120000691568 1 3.83 Дост: Pk Вид: Ф N: 8898 Дата: 03.02.2005 Книги
  Не е изгубен   Не е повреден без рестрикции ползва се в читалня 69621 Регионална библиотека "Любен Каравелов" Русе Регионална библиотека "Любен Каравелов" Русе Хранилище 2007-03-12 Хранилище 7.50 120000710894 Цб 222471 120000710894 2 3.83 Дост: Dp Вид: Д N: 25 Дата: 31.05.2006 Книги
Vip Innovations Ltd, Rousse, Bulgaria 2025